| Tag |
First Indicator |
Second Indicator |
Subfields |
| LEADER |
00000cam a2200000 4500 |
| 001 |
in00000044541 |
| 005 |
20191109063304.0 |
| 008 |
800609s1949 enka b f00000 eng |
| 010 |
|
|
|a 51008572
|
| 035 |
|
|
|a (OCoLC)06397535
|
| 035 |
|
|
|9 AAE8967AM
|
| 040 |
|
|
|a DLC
|c TXA
|d UtOrBLW
|
| 049 |
|
|
|a TXAM
|c [172195]
|
| 050 |
|
0 |
|a TK5707
|b .G7 no. 19
|
| 082 |
0 |
|
|a 621.3841153
|
| 092 |
|
|
|a 621.384115
|b R827
|
| 100 |
1 |
|
|a Ross, W.
|
| 245 |
1 |
0 |
|a Lateral deviation of radio waves reflected at the ionosphere.
|
| 264 |
|
1 |
|a London :
|b H.M. Stationery Off,
|c 1949.
|
| 300 |
|
|
|a iv, 32 pages :
|b diagrams ;
|c 25 cm.
|
| 336 |
|
|
|a text
|b txt
|2 rdacontent
|
| 337 |
|
|
|a unmediated
|b n
|2 rdamedia
|
| 338 |
|
|
|a volume
|b nc
|2 rdacarrier
|
| 490 |
1 |
|
|a [Great Britain] Dept. of Scientific and Industrial Research. Radio Research [Board] Special report no. 19
|
| 504 |
|
|
|a Bibliography: page 32.
|
| 650 |
|
0 |
|a Radio waves.
|
| 650 |
|
0 |
|a Upper atmosphere.
|
| 830 |
|
0 |
|a Special report (Great Britain. Radio Research Board) ;
|v no. 19.
|
| 999 |
|
|
|a MARS
|
| 999 |
f |
f |
|s eb35f64d-8bb0-3793-a42b-824e5fb4fd85
|i 4c0441c5-b6f8-3d3a-9536-147a62f133b0
|t 0
|
| 952 |
f |
f |
|p ric
|a Texas A&M University
|b Rellis Campus
|c Joint Library Facility
|d Remote Storage
|t 0
|e TK5707 .G7 no. 19
|h Library of Congress classification
|i unmediated -- volume
|m A14801038370
|
| 998 |
f |
f |
|a TK5707 .G7 no. 19
|t 0
|l Remote Storage
|